Čtyři zrcadlové kánony pro dva sopránové nástroje s průvodem klavíru

Uložené v:
Podrobná bibliografia
Hlavný autor: Iglo, Milan 1933- (Composer)
Médium: Hudobnina
Jazyk:Czech
Vydané: Praha : Panton, 1985.
Vydanie:1. vyd.
ISBN: (brož.)
Fyzický popis: 1 partitura (11 s.) + 2 hlasy.
Tagy: Pridať tag
Žiadne tagy, Buďte prvý kto otaguje tento záznam!

MARC

LEADER 00000ncm a22000001a 4500
001 000401708
005 20120917191813.0
008 081008s1985 xr e cze d
020 |a (brož.)  |c Kčs 5,50 
040 |a SVKKK  |b slo  |c SVKKK  |e AACR2 
041 0 |a cze 
044 |a xr  |c CZ 
100 1 |a Iglo, Milan  |d 1933-  |4 cmp 
245 1 0 |a Čtyři zrcadlové kánony pro dva sopránové nástroje s průvodem klavíru  |h [hudobnina] :  |c Milan Iglo. 
246 1 0 |a 4 zrcadlové kánony pro dva sopránové nástroje s průvodem klavíru 
250 |a 1. vyd. 
260 |a Praha :  |b Panton,  |c 1985. 
300 |a 1 partitura (11 s.) + 2 hlasy. 
910 |a svkkk 
998 |a BK 
090 |g SCKHL  |k Sklad Pribinova 3. posch.  |a V.139183  |j 725367  |i 2720966404  |s Povinný výt.